Vista normal Vista MARC

Entrada Personal Name

Número de registros utilizados en: 3

001 - CONTROL NUMBER

  • control field: 4932

003 - CONTROL NUMBER IDENTIFIER

  • control field: OSt

005 - DATE AND TIME OF LATEST TRANSACTION

  • control field: 20200603161854.0

008 - FIXED-LENGTH DATA ELEMENTS

  • fixed length control field: 200603|| aca||aabn | a|a d

040 ## - CATALOGING SOURCE

  • Original cataloging agency: OSt
  • Transcribing agency: OSt

100 ## - HEADING--PERSONAL NAME

  • Personal name: González Romero, Luis Alberto,

670 ## - SOURCE DATA FOUND

  • Source citation: Work cat.: (OSt)3510: Strada, Annalisa, autora 4931, El ladrón de colores /